| 000 | 00604nam a22002417a 4500 | ||
|---|---|---|---|
| 003 | UA-OsUOA | ||
| 001 | 122696 | ||
| 007 | ta | ||
| 008 | 20170513b un ||||| |||| 00| 0 ukr d | ||
| 100 | _aFerguson E. | ||
| 090 | _a26/28 | ||
| 942 | _cBK | ||
| 040 |
_aUA-OsUOA _beng _cUA-OsUOA _dUA-OsUOA |
||
| 245 | _aBackgrounds of Early Christianity | ||
| 300 | _a612 р. с. | ||
| 955 | _a1 | ||
| 041 | _aeng | ||
| 080 | _a26/28 | ||
| 591 | _aП. Скорупський | ||
| 260 |
_aMichigan _bWBEPC _c1993 |
||
| 650 | 7 |
_a26 Християнська Церква загалом _2UDC |
|
| 999 |
_c409154 _d409154 |
||